| 000 | 00527nam a2200181Ia 4500 | ||
|---|---|---|---|
| 008 | 131103s9999 xx 000 0 und d | ||
| 040 | _aLoreto College | ||
| 041 | _aEnglish | ||
| 082 |
_a822.3/JON _b#NAME? |
||
| 245 |
_aBen Jonson _cedited with introduction and notes by Brinsley Nicholson and C.H.Herford |
||
| 260 |
_aLondon _bErnest Benn _c1952 |
||
| 300 |
_alxxii,421 p. _c 19 cm. |
||
| 650 | _aEnglish Drama | ||
| 651 | _aJonson,Ben - Criticism | ||
| 700 | _aNicholson,Brinsley,ed. | ||
| 850 | _aLCLIB | ||
| 942 | _cBK | ||
| 999 |
_c4213 _d54692 |
||